[Event "HUN-chT2 Erkel 1819"]
[Site "Hungary"]
[Date "2019.01.27"]
[Round "4.7"]
[White "Lukacs, Albert"]
[Black "Matuska, Miklos"]
[Result "0-1"]
[WhiteElo "1943"]
[BlackElo "2034"]
[PlyCount "174"]
[EventDate "2018.10.28"]
[EventType "team-tourn"]
[EventRounds "9"]
[EventCountry "HUN"]
[SourceTitle "EXT 2021"]
[Source "ChessBase"]
[SourceDate "2020.10.23"]
[SourceVersion "1"]
[SourceVersionDate "2020.10.23"]
[SourceQuality "1"]
[WhiteTeam "Andornaktalya"]
[BlackTeam "Pestszentlorinc"]
[WhiteTeamCountry "HUN"]
[BlackTeamCountry "HUN"]

1. e4 b6 2. Nc3 Bb7 3. Nf3 e6 4. Be2 g6 5. 0-0 Bg7 6. d4 d6 7. Be3 Ne7 8. Qd2 h6 9. g3 Nd7 10. Nh4 a6 11. Rad1 b5 12. a3 Nf6 13. f3 Qd7 14. Ng2 Rd8 15. Na2 Qc8 16. Qc1 Nd7 17. a4 bxa4 18. c4 c5 19. d5 exd5 20. cxd5 Nf6 21. Nc3 Kf8 22. Nxa4 Kg8 23. Nb6 Qc7 24. Nc4 Nd7 25. Bd2 Re8 26. Bc3 Nxd5 27. Bxg7 Kxg7 28. Rf2 N5f6 29. Nxd6 Re6 30. Nxb7 Qxb7 31. Nf4 Rb6 32. Bc4 Ne5 33. Bd5 Qc7 34. Qc3 Re8 35. Rc2 Re7 36. Kg2 Rb5 37. Ne2 Qb6 38. Qa3 Rc7 39. f4 Nxd5 40. fxe5 Rb3 41. exd5 Rxa3 42. bxa3 Qb3 43. Rdd2 Qe3 44. e6 fxe6 45. Nf4 Qe4+ 46. Kf2 exd5 47. Re2 Qf5 48. Kg2 Kh7 49. Ne6 Re7 50. Rxc5 Rxe6 51. Rc7+ Kg8 52. Rc8+ Kf7 53. Rc7+ Kf8 54. Rc8+ Kf7 55. Rc7+ Kg8 56. Rc8+ Kf7 57. Rf2 Kf6 58. Rxf5+ Kxf5 59. Kf3 Rb6 60. Ke3 Rb3+ 61. Kd4 Rxa3 62. Kxd5 Rd3+ 63. Kc4 Rd2 64. Rf8+ Ke5 65. Re8+ Kf6 66. h3 Rh2 67. h4 Rg2 68. Rf8+ Ke5 69. Rf3 Ke4 70. Ra3 Rc2+ 71. Kb4 Rc6 72. Ka5 Kf5 73. Ra4 Re6 74. Rf4+ Ke5 75. Rf8 Rf6 76. Re8+ Kf5 77. Rb8 h5 78. Rd8 Re6 79. Rd3 Kg4 80. Rc3 Rf6 81. Rd3 Rf3 82. Rd6 Kf5 83. Rd5+ Ke6 84. Rd2 Rxg3 85. Kxa6 Rg4 86. Re2+ Kf5 87. Rh2 Kf4 0-1

[Event "HUN-chT2 Erkel 1819"]
[Site "Hungary"]
[Date "2018.12.02"]
[Round "3.6"]
[White "Rozsa, Zoltan"]
[Black "Matuska, Miklos"]
[Result "0-1"]
[WhiteElo "2010"]
[BlackElo "2034"]
[PlyCount "108"]
[EventDate "2018.10.28"]
[EventType "team-tourn"]
[EventRounds "9"]
[EventCountry "HUN"]
[SourceTitle "EXT 2021"]
[Source "ChessBase"]
[SourceDate "2020.10.23"]
[SourceVersion "1"]
[SourceVersionDate "2020.10.23"]
[SourceQuality "1"]
[WhiteTeam "Vac"]
[BlackTeam "Pestszentlorinc"]
[WhiteTeamCountry "HUN"]
[BlackTeamCountry "HUN"]

1. b4 Nf6 2. Bb2 e6 3. b5 b6 4. Nf3 Bb7 5. e3 Be7 6. c4 0-0 7. Be2 d5 8. 0-0 c5 9. d3 dxc4 10. dxc4 Nbd7 11. Nbd2 Qc7 12. Qc2 Rfd8 13. a4 a5 14. Rad1 h6 15. Bd3 Ng4 16. h3 Nge5 17. Bh7+ Kh8 18. Be4 Nxf3+ 19. Nxf3 Bxe4 20. Qxe4 Bf6 21. Bxf6 Nxf6 22. Qe5 Qb7 23. Rd6 Rxd6 24. Qxd6 Ne8 25. Qd3 Qc7 26. Rd1 Kg8 27. Qd7 Rc8 28. Ne5 Nf6 29. Qxc7 Rxc7 30. Rd8+ Kh7 31. Rb8 Nd7 32. Nxd7 Rxd7 33. Rxb6 Rd1+ 34. Kh2 Ra1 35. Rc6 Rxa4 36. Rxc5 Rb4 37. b6 Rxb6 38. Rxa5 Rb2 39. Kg3 Rc2 40. Rc5 Kg6 41. f4 h5 42. Rc7 Kf6 43. Kf3 h4 44. c5 g6 45. c6 Kg7 46. Rc8 Kf6 47. c7 Kf5 48. e4+ Kf6 49. g4 hxg3 50. Kxg3 Rc1 51. Kg4 Rg1+ 52. Kf3 Rc1 53. h4 Rf1+ 54. Kg2 Rc1 0-1

[Event "HUN-chT2 Erkel 1819"]
[Site "Hungary"]
[Date "2018.11.18"]
[Round "2.7"]
[White "Fordan, Tibor"]
[Black "Matuska, Miklos"]
[Result "1/2-1/2"]
[WhiteElo "2142"]
[BlackElo "2034"]
[PlyCount "82"]
[EventDate "2018.10.28"]
[EventType "team-tourn"]
[EventRounds "9"]
[EventCountry "HUN"]
[SourceTitle "EXT 2021"]
[Source "ChessBase"]
[SourceDate "2020.10.23"]
[SourceVersion "1"]
[SourceVersionDate "2020.10.23"]
[SourceQuality "1"]
[WhiteTeam "Budapest EAC"]
[BlackTeam "Pestszentlorinc"]
[WhiteTeamCountry "HUN"]
[BlackTeamCountry "HUN"]

1. d4 Nf6 2. c4 e6 3. Nc3 Bb4 4. e3 b6 5. Bd3 Bb7 6. Nf3 0-0 7. 0-0 Bxc3 8. bxc3 d6 9. Nd2 c5 10. f3 Nc6 11. Nb3 h6 12. e4 e5 13. Be3 Qd7 14. Kh1 Rae8 15. Qe1 exd4 16. cxd4 Nb4 17. Qd2 Nxd3 18. Qxd3 Ba6 19. Rfc1 d5 20. exd5 Qxd5 21. Qc3 Qxc4 22. Qxc4 Bxc4 23. Rxc4 Rxe3 24. dxc5 Rfe8 25. Kg1 bxc5 26. Nxc5 Re2 27. Nd3 Nd5 28. Nf4 Nxf4 29. Rxf4 Rb2 30. a4 Ree2 31. Rg4 a5 32. Rc1 g6 33. h4 h5 34. Rg5 Ra2 35. Rc4 Kg7 36. f4 Rf2 37. Rg3 Kh6 38. Rg5 Kg7 39. Rd4 Kh6 40. Rc4 Kg7 41. Rd4 Kh6 1/2-1/2

[Event "Budapest-chT1 Lilienthal 1718"]
[Site "Budapest"]
[Date "2018.04.15"]
[Round "13"]
[White "Matuska, Miklos"]
[Black "Miskolczi, Tamas"]
[Result "1-0"]
[WhiteElo "2000"]
[BlackElo "1895"]
[PlyCount "44"]
[EventDate "2017.10.01"]
[EventType "team-tourn"]
[EventRounds "13"]
[EventCountry "HUN"]
[SourceTitle "EXT 2021"]
[Source "ChessBase"]
[SourceDate "2020.10.23"]
[SourceVersion "1"]
[SourceVersionDate "2020.10.23"]
[SourceQuality "1"]
[WhiteTeam "Mattolda"]
[BlackTeam "Budapest Vasas II"]
[WhiteTeamCountry "HUN"]
[BlackTeamCountry "HUN"]

1. Nf3 d5 2. c4 Nf6 3. cxd5 Nxd5 4. g3 g6 5. Bg2 Bg7 6. 0-0 0-0 7. Nc3 c6 8. d4 Nd7 9. Nxd5 cxd5 10. Bf4 Qb6 11. Qb3 Qxb3 12. axb3 b6 13. Rfc1 Nf6 14. Rc7 a6 15. Rxe7 Re8 16. Rxe8+ Nxe8 17. Ne5 Be6 18. Nc6 Nf6 19. e3 Kf8 20. Nb8 Ke8 21. Nxa6 Ke7 22. Bf1 Ne4 1-0

[Event "Budapest-chT1 Lilienthal 1718"]
[Site "Budapest"]
[Date "2017.10.01"]
[Round "1"]
[White "Matuska, Miklos"]
[Black "Nagy, Ferenc3333"]
[Result "1/2-1/2"]
[WhiteElo "2000"]
[BlackElo "1947"]
[PlyCount "101"]
[EventDate "2017.10.01"]
[EventType "team-tourn"]
[EventRounds "13"]
[EventCountry "HUN"]
[SourceTitle "EXT 2021"]
[Source "ChessBase"]
[SourceDate "2020.10.23"]
[SourceVersion "1"]
[SourceVersionDate "2020.10.23"]
[SourceQuality "1"]
[WhiteTeam "Mattolda"]
[BlackTeam "Siraly"]
[WhiteTeamCountry "HUN"]
[BlackTeamCountry "HUN"]

1. Nf3 g6 2. c4 Bg7 3. Nc3 c6 4. g3 d5 5. cxd5 cxd5 6. d4 Nc6 7. Bg2 Nf6 8. 0-0 0-0 9. Ne5 Be6 10. Nxc6 bxc6 11. Na4 Nd7 12. Be3 Qa5 13. Rc1 Rfc8 14. a3 Bf5 15. Nc5 e5 16. Nxd7 Bxd7 17. dxe5 Bxe5 18. Bd4 f6 19. e4 Be6 20. Rc5 Qd8 21. exd5 cxd5 22. Rxc8 Rxc8 23. Re1 Bf7 24. Bxe5 fxe5 25. Rxe5 d4 26. Re2 Rc7 27. Rd2 Qc8 28. Qe2 Rc1+ 29. Rd1 Bb3 30. Rxc1 Qxc1+ 31. Bf1 Qc5 32. Qb5 Qxb5 33. Bxb5 Kf7 34. Kf1 Ke6 35. Ke2 g5 36. Kd3 Ke5 37. Bc4 Bd1 38. Kd2 Bf3 39. Be2 Be4 40. Bd3 h5 41. Bxe4 Kxe4 42. b4 g4 43. b5 Kd5 44. Kd3 Kc5 45. a4 Kb4 46. Kxd4 Kxa4 47. Kc4 Ka3 48. Kc3 Ka4 49. Kc4 Ka3 50. Kc3 Ka4 51. Kc4 1/2-1/2

[Event "HUN-chT2 Erkel 1718"]
[Site "Hungary"]
[Date "2017.09.24"]
[Round "1.5"]
[White "Matuska, Miklos"]
[Black "Halasz, Csaba"]
[Result "1/2-1/2"]
[WhiteElo "2000"]
[BlackElo "2089"]
[PlyCount "21"]
[EventDate "2017.09.24"]
[EventType "team-tourn"]
[EventRounds "11"]
[EventCountry "HUN"]
[SourceTitle "EXT 2021"]
[Source "ChessBase"]
[SourceDate "2020.10.23"]
[SourceVersion "1"]
[SourceVersionDate "2020.10.23"]
[SourceQuality "1"]
[WhiteTeam "Pestszentlorinc"]
[BlackTeam "Budapest MAFC"]
[WhiteTeamCountry "HUN"]
[BlackTeamCountry "HUN"]

1. Nf3 d5 2. g3 c5 3. Bg2 Nc6 4. d4 Nf6 5. 0-0 e6 6. c4 Be7 7. Nc3 0-0 8. cxd5 exd5 9. Bg5 c4 10. Ne5 Be6 11. e3 1/2-1/2

[Event "HUN-chT2 Erkel 1617"]
[Site "Hungary"]
[Date "2017.03.12"]
[Round "10.6"]
[White "Fordan, Tibor"]
[Black "Matuska, Miklos"]
[Result "1/2-1/2"]
[WhiteElo "2181"]
[BlackElo "2037"]
[PlyCount "149"]
[EventDate "2016.09.25"]
[EventType "team-tourn"]
[EventRounds "11"]
[EventCountry "HUN"]
[SourceTitle "EXT 2021"]
[Source "ChessBase"]
[SourceDate "2020.10.23"]
[SourceVersion "1"]
[SourceVersionDate "2020.10.23"]
[SourceQuality "1"]
[WhiteTeam "Budapest EAC"]
[BlackTeam "Pestszentlorinc"]
[WhiteTeamCountry "HUN"]
[BlackTeamCountry "HUN"]

1. d4 g6 2. c4 Bg7 3. Nc3 d6 4. e4 e5 5. Nf3 Nc6 6. d5 Nd4 7. Nxd4 exd4 8. Nb5 a6 9. Nxd4 Qh4 10. Nf3 Qxe4+ 11. Be2 Nf6 12. 0-0 0-0 13. h3 Bd7 14. Bd3 Qe7 15. Re1 Qd8 16. Bg5 Re8 17. Qd2 Rxe1+ 18. Rxe1 Qf8 19. Bc2 Re8 20. a4 Rxe1+ 21. Qxe1 Qe8 22. Qxe8+ Nxe8 23. b3 a5 24. Kf1 h6 25. Bd2 b6 26. b4 axb4 27. Bxb4 Kf8 28. Ke2 Ke7 29. a5 bxa5 30. Bxa5 c5 31. Bd2 Nc7 32. Bf4 Na6 33. g4 Nb4 34. Bb1 Ba4 35. Nd2 Bf8 36. Ne4 Kd7 37. Nf6+ Kc7 38. Kd2 Bb3 39. Bd3 Nxd3 40. Kxd3 Bd1 41. Ne4 Kd7 42. Nc3 Bb3 43. Bg3 Be7 44. f4 f5 45. gxf5 gxf5 46. Nb1 Bf6 47. Nd2 Ba4 48. Nf1 Ke7 49. Ne3 Bd7 50. Ng2 Kf7 51. Bh4 Bd4 52. Be1 Bf6 53. Bc3 Bd8 54. Ke2 Kg6 55. Kf3 Ba4 56. Ne3 Bb3 57. Ke2 Ba4 58. Kd2 Bd7 59. Kd3 Kh5 60. Bg7 Be7 61. Ng2 Kg6 62. Bc3 Bd8 63. Be1 Kh5 64. Bf2 Ba4 65. Kd2 Ba5+ 66. Kd3 Bd8 67. Bg3 Be8 68. Ne3 Bd7 69. Nc2 Bh4 70. Bh2 Bf6 71. Bg3 Bb2 72. Be1 Bf6 73. Ne3 Bd8 74. Ke2 Bc8 75. Kf3 1/2-1/2

[Event "HUN-chT2 Erkel 1516"]
[Site "Hungary"]
[Date "2016.04.17"]
[Round "11.7"]
[White "Matuska, Miklos"]
[Black "Szarvas, Sandor"]
[Result "1-0"]
[WhiteElo "2043"]
[BlackElo "1916"]
[PlyCount "63"]
[EventDate "2015.09.13"]
[EventType "team-tourn"]
[EventRounds "11"]
[EventCountry "HUN"]
[SourceTitle "EXT 2017"]
[Source "ChessBase"]
[SourceDate "2016.10.25"]
[SourceVersion "1"]
[SourceVersionDate "2016.10.25"]
[SourceQuality "1"]
[WhiteTeam "Pestszentlorinc"]
[BlackTeam "Salgotarjan"]
[WhiteTeamCountry "HUN"]
[BlackTeamCountry "HUN"]

1. Nf3 c5 2. g3 Nf6 3. Bg2 g6 4. c4 Nc6 5. Nc3 Bg7 6. 0-0 0-0 7. d3 d6 8. a3 e6 9. Bd2 Qe7 10. Rb1 a5 11. Ne1 Rd8 12. Nc2 d5 13. cxd5 exd5 14. Bg5 Be6 15. Ne3 d4 16. Ncd5 Bxd5 17. Nxd5 Rxd5 18. Bxd5 Qd6 19. Bg2 Nd7 20. Qb3 Ra7 21. Bd5 Qf8 22. Rbc1 h6 23. Bf4 g5 24. Bc7 Nf6 25. Bb6 a4 26. Qa2 Nd7 27. Bxa7 Nxa7 28. Bxb7 Kh7 29. Qd5 Qe7 30. Qe4+ Qxe4 31. Bxe4+ Kh8 32. Bf5 1-0

[Event "HUN-chT2 Erkel 1516"]
[Site "Hungary"]
[Date "2016.02.28"]
[Round "8.8"]
[White "Matuska, Miklos"]
[Black "Lengyel, Istvan"]
[Result "1-0"]
[WhiteElo "2056"]
[BlackElo "1908"]
[PlyCount "82"]
[EventDate "2015.09.13"]
[EventType "team-tourn"]
[EventRounds "11"]
[EventCountry "HUN"]
[SourceTitle "EXT 2017"]
[Source "ChessBase"]
[SourceDate "2016.10.25"]
[SourceVersion "1"]
[SourceVersionDate "2016.10.25"]
[SourceQuality "1"]
[WhiteTeam "Pestszentlorinc"]
[BlackTeam "Paszto"]
[WhiteTeamCountry "HUN"]
[BlackTeamCountry "HUN"]

1. Nf3 Nf6 2. g3 g6 3. b3 Bg7 4. Bb2 0-0 5. c4 c5 6. Bg2 Nc6 7. 0-0 d6 8. Nc3 e5 9. d3 a6 10. e3 Rb8 11. Qd2 Bd7 12. d4 b5 13. dxe5 dxe5 14. cxb5 axb5 15. Qd6 Qb6 16. Nxe5 Nxe5 17. Qxe5 Rfe8 18. Nd5 Rxe5 19. Nxb6 Re7 20. Nxd7 Nxd7 21. Bxg7 Kxg7 22. Rac1 Rb6 23. Rfd1 Ra6 24. Rc2 b4 25. Rd5 Ra5 26. h4 f5 27. Bf1 h5 28. Kg2 Kf7 29. Bc4 Kg7 30. Be2 Kf7 31. Kf1 Ke6 32. Bc4 Nb6 33. Rxc5+ Nxc4 34. R2xc4 Rxa2 35. Rc6+ Kf7 36. Rxb4 Rd7 37. Rbb6 Rd1+ 38. Kg2 Rdd2 39. Rc7+ Ke8 40. Rb8+ Rd8 41. Rxd8+ Kxd8 1-0

[Event "Budapest-chT1 Lilienthal 1516"]
[Site "Budapest"]
[Date "2015.11.15"]
[Round "4"]
[White "Csillag, Janos"]
[Black "Matuska, Miklos"]
[Result "0-1"]
[WhiteElo "1990"]
[BlackElo "2024"]
[PlyCount "52"]
[EventDate "2015.09.20"]
[EventType "team-tourn"]
[EventRounds "9"]
[EventCountry "HUN"]
[SourceTitle "EXT 2021"]
[Source "ChessBase"]
[SourceDate "2020.10.23"]
[SourceVersion "1"]
[SourceVersionDate "2020.10.23"]
[SourceQuality "1"]
[WhiteTeam "Taban Spartacus II"]
[BlackTeam "Siketek"]
[WhiteTeamCountry "HUN"]
[BlackTeamCountry "HUN"]

1. e4 c5 2. Nc3 Nc6 3. g3 g6 4. Bg2 Bg7 5. d3 e6 6. f4 Nge7 7. Be3 d6 8. Nh3 Qb6 9. Rb1 Nd4 10. 0-0 Bd7 11. Ne2 0-0 12. c3 Nxe2+ 13. Qxe2 Qa6 14. g4 f5 15. gxf5 exf5 16. Qf2 Qxa2 17. e5 Nc6 18. exd6 b6 19. Rfe1 Rae8 20. c4 Nb4 21. Rbd1 Qxb2 22. Re2 Qb3 23. Rdd2 Re6 24. Ng5 Rxd6 25. Qh4 h6 26. Nf3 Rxd3 0-1

[Event "HUN-chT2 Breyer 1415"]
[Site "Hungary"]
[Date "2014.12.14"]
[Round "?"]
[White "Matuska, Miklos"]
[Black "Bognar, Attila"]
[Result "1-0"]
[WhiteElo "2044"]
[BlackElo "1799"]
[PlyCount "49"]
[EventDate "2014.09.07"]
[EventType "team-tourn"]
[EventRounds "11"]
[EventCountry "HUN"]
[SourceTitle "EXT 2016"]
[Source "ChessBase"]
[SourceDate "2015.10.08"]
[SourceVersion "1"]
[SourceVersionDate "2015.10.08"]
[SourceQuality "1"]
[WhiteTeam "Pestszentlorinc"]
[BlackTeam "Nyergesujfalu"]
[WhiteTeamCountry "HUN"]
[BlackTeamCountry "HUN"]

1. c4 e5 2. Nc3 g6 3. d4 Bg7 4. dxe5 Bxe5 5. Nf3 Bg7 6. Bg5 f6 7. Bf4 d6 8. e4 Ne7 9. Qb3 Na6 10. Be3 b6 11. 0-0-0 Bd7 12. h4 Nc6 13. h5 gxh5 14. Rxh5 Ne5 15. Nxe5 fxe5 16. Be2 Nc5 17. Qc2 Bc6 18. Rf5 Ne6 19. Bh5+ Kd7 20. Rf7+ Kc8 21. Bg4 Bd7 22. Bxe6 Bxe6 23. Rxg7 Bxc4 24. Nd5 Bxd5 25. exd5 1-0

[Event "HUN-chT2 Erkel 1314"]
[Site "Hungary"]
[Date "2014.04.27"]
[Round "11.7"]
[White "Gorcsi, Gabor"]
[Black "Matuska, Miklos"]
[Result "1-0"]
[WhiteElo "1938"]
[BlackElo "2082"]
[PlyCount "111"]
[EventDate "2013.09.08"]
[EventType "team-tourn"]
[EventRounds "11"]
[EventCountry "HUN"]
[SourceTitle "EXT 2016"]
[Source "ChessBase"]
[SourceDate "2015.10.08"]
[SourceVersion "1"]
[SourceVersionDate "2015.10.08"]
[SourceQuality "1"]
[WhiteTeam "Paszto"]
[BlackTeam "Pestszentlorinc"]
[WhiteTeamCountry "HUN"]
[BlackTeamCountry "HUN"]

1. d4 Nf6 2. c4 e6 3. Nc3 Bb4 4. Qc2 d5 5. a3 Bxc3+ 6. Qxc3 0-0 7. e3 b6 8. Nf3 Bb7 9. Be2 dxc4 10. Qxc4 Nbd7 11. 0-0 c5 12. Rd1 Rc8 13. b3 Bd5 14. Qd3 c4 15. bxc4 Bxc4 16. Qc2 Bb5 17. Qb2 Ba4 18. Re1 Nd5 19. Bd3 Rc3 20. Qd2 Qc8 21. Bb2 Rc7 22. e4 N5f6 23. Rac1 Rxc1 24. Rxc1 Qb7 25. Qe2 Bc6 26. Re1 h6 27. Nd2 Re8 28. Nc4 Rd8 29. e5 Ne8 30. Qg4 Nf8 31. Re3 f5 32. Qh4 Rc8 33. Rg3 Kh8 34. Bc1 Be4 35. Bf1 b5 36. Na5 Qf7 37. Nb3 a6 38. Nc5 Bd5 39. Bd2 Ra8 40. Nd3 Ra7 41. Nf4 Rd7 42. Bb4 Kh7 43. Be2 Rc7 44. h3 Rc8 45. Rg5 Nc7 46. Bh5 Qd7 47. Bg6+ Nxg6 48. Nxg6 Qf7 49. Rg3 Re8 50. Nf4 Bc4 51. Bd2 Ba2 52. Nh5 Rg8 53. Bxh6 gxh6 54. Nf6+ Qxf6 55. exf6 Rxg3 56. Qxg3 1-0

[Event "HUN-chT2 Erkel 1314"]
[Site "Hungary"]
[Date "2014.03.02"]
[Round "8.7"]
[White "Matuska, Miklos"]
[Black "Hajnal, Gyula"]
[Result "0-1"]
[WhiteElo "2082"]
[BlackElo "1951"]
[PlyCount "126"]
[EventDate "2013.09.08"]
[EventType "team-tourn"]
[EventRounds "11"]
[EventCountry "HUN"]
[SourceTitle "EXT 2016"]
[Source "ChessBase"]
[SourceDate "2015.10.08"]
[SourceVersion "1"]
[SourceVersionDate "2015.10.08"]
[SourceQuality "1"]
[WhiteTeam "Pestszentlorinc"]
[BlackTeam "Mezokovesd"]
[WhiteTeamCountry "HUN"]
[BlackTeamCountry "HUN"]

1. Nf3 c5 2. g3 Nc6 3. Bg2 Nf6 4. c4 e5 5. 0-0 Be7 6. Nc3 0-0 7. Ne1 d6 8. Nc2 Be6 9. d3 Qc8 10. Ne3 Bd8 11. a3 a6 12. Rb1 Rb8 13. b4 cxb4 14. axb4 b5 15. cxb5 axb5 16. Bd2 Nd4 17. Ncd5 Nxd5 18. Nxd5 Bh3 19. Rc1 Qd7 20. Bxh3 Qxh3 21. e3 Qe6 22. Nc7 Bxc7 23. Rxc7 Nf5 24. Qc2 h5 25. Rc1 h4 26. Qc6 hxg3 27. hxg3 Rfd8 28. Kg2 Ne7 29. Qe4 Ng6 30. Rh1 Rbc8 31. Rhc1 Rxc7 32. Rxc7 d5 33. Qf3 e4 34. Qe2 Ne5 35. dxe4 dxe4 36. Bc3 Nf3 37. Qf1 Qg4 38. Bd4 Nxd4 39. exd4 Rxd4 40. Rc1 Qf3+ 41. Kg1 Rd5 42. Re1 Rd3 43. Qe2 Qxe2 44. Rxe2 Rd4 45. Rb2 f5 46. Kf1 Kf7 47. Ke2 g5 48. f3 Ke6 49. fxe4 Rxe4+ 50. Kf3 Ke5 51. Rb1 Rd4 52. Ke3 Rc4 53. Rb3 Rg4 54. Kf3 Kd5 55. Rb1 Kc4 56. Re1 Rd4 57. Re8 Rd3+ 58. Kf2 g4 59. Re3 Rxe3 60. Kxe3 Kxb4 61. Kf4 Kc3 62. Kxf5 b4 63. Kxg4 b3 0-1

[Event "HUN-chT2 Erkel 1213"]
[Site "Hungary"]
[Date "2013.04.21"]
[Round "11.5"]
[White "Matuska, Miklos"]
[Black "Becskei, Zoltan"]
[Result "1/2-1/2"]
[WhiteElo "2149"]
[BlackElo "2269"]
[PlyCount "132"]
[EventDate "2012.09.16"]
[EventType "team-tourn"]
[EventRounds "11"]
[EventCountry "HUN"]
[SourceTitle "EXT 2014"]
[Source "ChessBase"]
[SourceDate "2013.11.20"]
[SourceVersion "1"]
[SourceVersionDate "2013.11.20"]
[SourceQuality "1"]
[WhiteTeam "Pestszentlorinc"]
[BlackTeam "Szigetszentmiklos"]
[WhiteTeamCountry "HUN"]
[BlackTeamCountry "HUN"]

1. Nf3 g6 2. c4 Bg7 3. Nc3 e5 4. g3 Nc6 5. Bg2 d6 6. d3 f5 7. 0-0 Nge7 8. Rb1 h6 9. e3 g5 10. Nd5 Ng6 11. b4 0-0 12. b5 Nce7 13. Nd2 Kh8 14. Bb2 f4 15. Nxe7 Nxe7 16. d4 g4 17. exf4 exf4 18. Re1 Nf5 19. Ne4 f3 20. Bf1 Qe7 21. Qd2 Qf7 22. d5 b6 23. Bxg7+ Qxg7 24. Qc3 Bd7 25. Qxg7+ Kxg7 26. Bd3 Rfe8 27. Nd2 Nd4 28. Kf1 Kf7 29. Rxe8 Rxe8 30. Re1 Kf6 31. Nb3 Rxe1+ 32. Kxe1 Ke5 33. Kd2 Nxb3+ 34. axb3 Kd4 35. Bg6 Bc8 36. Bc2 a5 37. bxa6 Bxa6 38. Bf5 h5 39. Bg6 Bc8 40. Bxh5 b5 41. Bf7 bxc4 42. bxc4 Ba6 43. c5 dxc5 44. Be6 Bd3 45. Bxg4 Be4 46. Bd7 c4 47. Ba4 c3+ 48. Kc1 Ke5 49. Bc2 Bxd5 50. h4 Bf7 51. Bh7 Bb3 52. h5 Kf6 53. Bc2 Bf7 54. h6 Be6 55. Be4 Bf7 56. Kc2 Bg6 57. Bxg6 Kxg6 58. Kxc3 Kxh6 59. Kd4 Kg5 60. Kc5 Kg4 61. Kc6 Kh3 62. Kxc7 Kg2 63. g4 Kxf2 64. g5 Ke3 65. g6 f2 66. g7 f1Q 1/2-1/2

[Event "HUN-chT2 Erkel 1213"]
[Site "Hungary"]
[Date "2013.01.27"]
[Round "6.5"]
[White "D Albini, Geza"]
[Black "Matuska, Miklos"]
[Result "1/2-1/2"]
[WhiteElo "2043"]
[BlackElo "2149"]
[PlyCount "104"]
[EventDate "2012.09.16"]
[EventType "team-tourn"]
[EventRounds "11"]
[EventCountry "HUN"]
[SourceTitle "EXT 2014"]
[Source "ChessBase"]
[SourceDate "2013.11.20"]
[SourceVersion "1"]
[SourceVersionDate "2013.11.20"]
[SourceQuality "1"]
[WhiteTeam "Vizugy"]
[BlackTeam "Pestszentlorinc"]
[WhiteTeamCountry "HUN"]
[BlackTeamCountry "HUN"]

1. c4 c5 2. Nc3 Nf6 3. e4 d6 4. g3 b6 5. Bg2 Bb7 6. Nge2 e6 7. 0-0 Nbd7 8. d3 a6 9. h3 Qc7 10. f4 Be7 11. Rb1 0-0 12. Kh2 Rfe8 13. a3 Rad8 14. b3 Bf8 15. Bb2 Qb8 16. Qd2 Qa8 17. Qc2 Re7 18. Rbd1 Rc8 19. Rb1 Ne8 20. Bh1 Nc7 21. Qd1 Rd8 22. Qc2 b5 23. cxb5 Nxb5 24. Nxb5 axb5 25. Rbc1 Rc8 26. Qb1 d5 27. e5 Nb6 28. d4 Rec7 29. dxc5 Bxc5 30. Bd4 Qxa3 31. Bxc5 Rxc5 32. Bg2 g6 33. Rxc5 Qxc5 34. Rc1 Qf2 35. Rxc8+ Nxc8 36. Qf1 Qc5 37. Qc1 Qb6 38. Qg1 Qc7 39. Qc1 Qb6 40. Qg1 Qc7 41. Qc1 Qxc1 42. Nxc1 Kf8 43. Ne2 Na7 44. Nd4 Ke7 45. Kg1 Bc6 46. Kf2 f6 47. Ke3 fxe5 48. fxe5 g5 49. h4 gxh4 50. gxh4 Bd7 51. Bf1 h6 52. Kf4 Be8 1/2-1/2

[Event "HUN-chT2 Erkel 1213"]
[Site "Hungary"]
[Date "2012.10.07"]
[Round "2.5"]
[White "Matuska, Miklos"]
[Black "Gubics, Peter"]
[Result "1-0"]
[WhiteElo "2149"]
[BlackElo "2127"]
[PlyCount "105"]
[EventDate "2012.09.16"]
[EventType "team-tourn"]
[EventRounds "11"]
[EventCountry "HUN"]
[SourceTitle "EXT 2014"]
[Source "ChessBase"]
[SourceDate "2013.11.20"]
[SourceVersion "1"]
[SourceVersionDate "2013.11.20"]
[SourceQuality "1"]
[WhiteTeam "Pestszentlorinc"]
[BlackTeam "Foti"]
[WhiteTeamCountry "HUN"]
[BlackTeamCountry "HUN"]

1. Nf3 g6 2. c4 Bg7 3. Nc3 Nf6 4. g3 0-0 5. Bg2 d5 6. cxd5 Nxd5 7. 0-0 Nxc3 8. dxc3 c5 9. Qxd8 Rxd8 10. Be3 Na6 11. Rfd1 Re8 12. Ng5 Rb8 13. Ne4 b6 14. Bf4 Rb7 15. Nd2 e5 16. Bxb7 Bxb7 17. Bg5 h6 18. Be3 Bd5 19. f3 f5 20. Bf2 e4 21. fxe4 fxe4 22. Nf1 Be6 23. Ne3 Nc7 24. g4 h5 25. g5 Bh3 26. Rd6 Ne6 27. Bg3 Kh7 28. Rad1 Nxg5 29. Rd7 Bxd7 30. Rxd7 a5 31. Nd5 Re6 32. Bh4 Kh6 33. Bxg5+ Kxg5 34. Rxg7 Rd6 35. c4 Kf5 36. Rf7+ Ke5 37. Rb7 Kd4 38. Rxb6 Rd7 39. Rxg6 Rb7 40. b3 a4 41. Nb6 axb3 42. axb3 Ke3 43. Kf1 Ra7 44. Nd5+ Kd2 45. e3 Rb7 46. Rb6 Ra7 47. Kf2 h4 48. Nf4 Rf7 49. Re6 Rb7 50. Rxe4 Rxb3 51. Nd5 h3 52. Rh4 Kd3 53. Kg3 1-0

[Event "HUN-chT2 Erkel 1112"]
[Site "Hungary"]
[Date "2012.05.20"]
[Round "11.3"]
[White "Matuska, Miklos"]
[Black "Trajber, Csaba"]
[Result "1/2-1/2"]
[WhiteElo "2167"]
[BlackElo "2095"]
[PlyCount "49"]
[EventDate "2011.09.25"]
[EventType "team-tourn"]
[EventRounds "11"]
[EventCountry "HUN"]
[SourceTitle "EXT 2013"]
[Source "ChessBase"]
[SourceDate "2012.11.22"]
[SourceVersion "1"]
[SourceVersionDate "2012.11.22"]
[SourceQuality "1"]
[WhiteTeam "Pestszentlorinc"]
[BlackTeam "Vaci"]
[WhiteTeamCountry "HUN"]
[BlackTeamCountry "HUN"]

1. c4 e5 2. Nc3 Nf6 3. g3 d5 4. cxd5 Nxd5 5. Bg2 Nxc3 6. bxc3 Bc5 7. Qc2 0-0 8. Nf3 Nc6 9. Rb1 Re8 10. d3 Bb6 11. 0-0 h6 12. c4 Qe7 13. e3 Bf5 14. Qe2 Rad8 15. Rd1 e4 16. dxe4 Bxe4 17. Rb2 Na5 18. Rbd2 Rxd2 19. Bxd2 c5 20. Bc3 Qe6 21. Ne5 Bxg2 22. Kxg2 f6 23. Bxa5 Bxa5 24. Nf3 Re7 25. Rd5 1/2-1/2

[Event "HUN-chT2 Erkel 1112"]
[Site "Hungary"]
[Date "2012.04.22"]
[Round "9.2"]
[White "Matuska, Miklos"]
[Black "Nogrady, Vilmos"]
[Result "1/2-1/2"]
[WhiteElo "2167"]
[BlackElo "2190"]
[PlyCount "33"]
[EventDate "2011.09.25"]
[EventType "team-tourn"]
[EventRounds "11"]
[EventCountry "HUN"]
[SourceTitle "EXT 2013"]
[Source "ChessBase"]
[SourceDate "2012.11.22"]
[SourceVersion "1"]
[SourceVersionDate "2012.11.22"]
[SourceQuality "1"]
[WhiteTeam "Pestszentlorinc"]
[BlackTeam "Foti"]
[WhiteTeamCountry "HUN"]
[BlackTeamCountry "HUN"]

1. Nf3 d5 2. g3 c5 3. Bg2 Nc6 4. d4 Nf6 5. 0-0 g6 6. c4 Bg7 7. Nc3 dxc4 8. Qa4 cxd4 9. Nxd4 Qxd4 10. Bxc6+ Bd7 11. Bxd7+ Qxd7 12. Qxc4 0-0 13. Qh4 Rfd8 14. Bg5 Qd4 15. Qxd4 Rxd4 16. a3 a6 17. Rad1 1/2-1/2